Frequency synthesizers : (Record no. 131756)
[ view plain ]
| 000 -LEADER | |
|---|---|
| fixed length control field | 00981cam4a220028900 4500 |
| 001 - CONTROL NUMBER | |
| control field | mtr01997841 |
| 005 - DATE AND TIME OF LATEST TRANSACTION | |
| control field | 20190822110051.0 |
| 008 - FIXED-LENGTH DATA ELEMENTS--GENERAL INFORMATION | |
| fixed length control field | 860730s1987 nyua b 001 0 eng |
| 010 ## - LIBRARY OF CONGRESS CONTROL NUMBER | |
| LC control number | 86018968 |
| 020 ## - INTERNATIONAL STANDARD BOOK NUMBER | |
| International Standard Book Number | 0471011169 |
| 035 ## - SYSTEM CONTROL NUMBER | |
| System control number | (Sirsi) r93496 |
| 035 ## - SYSTEM CONTROL NUMBER | |
| System control number | (UPRA)mtr01997841 |
| 040 ## - CATALOGING SOURCE | |
| Modifying agency | UPRA |
| 050 0# - LIBRARY OF CONGRESS CALL NUMBER | |
| Classification number | TK7872.F73 |
| Item number | M37 1987 |
| 082 0# - DEWEY DECIMAL CLASSIFICATION NUMBER | |
| Classification number | 621.3815/363 |
| Edition number | 19 |
| 100 1# - MAIN ENTRY--PERSONAL NAME | |
| Personal name | Manassewitsch, Vadim, 1927- |
| Dates associated with a name | Manassewitsch, Vadim, 1927- |
| Linkage | A52221.1 |
| 245 10 - TITLE STATEMENT | |
| Title | Frequency synthesizers : |
| Remainder of title | theory and design / |
| Statement of responsibility, etc. | Vadim Manassewitsch. |
| 250 ## - EDITION STATEMENT | |
| Edition statement | 3rd ed. |
| 260 ## - PUBLICATION, DISTRIBUTION, ETC. | |
| Place of publication, distribution, etc. | New York : |
| Name of publisher, distributor, etc. | Wiley, |
| Date of publication, distribution, etc. | c1987. |
| 500 ## - GENERAL NOTE | |
| General note | "A Wiley-Interscience publication." |
| 504 ## - BIBLIOGRAPHY, ETC. NOTE | |
| Bibliography, etc. note | Includes bibliographies and index. |
| 650 #0 - SUBJECT ADDED ENTRY--TOPICAL TERM | |
| Topical term or geographic name entry element | Frequency synthesizers. |
| Linkage | S40850.1 |
| 949 ## - LOCAL PROCESSING INFORMATION (OCLC) | |
| a | TK7872.F73 |
| w | lcc |
| i | -131445 |
| m | MAIN |
| t | BOOK |
| l | ON-SHELF |
| 949 ## - LOCAL PROCESSING INFORMATION (OCLC) | |
| a | TK7872.F73 |
| w | lcc |
| i | -131446 |
| m | MAIN |
| t | BOOK |
| l | ON-SHELF |
| 949 ## - LOCAL PROCESSING INFORMATION (OCLC) | |
| a | TK7872.F73 |
| w | lcc |
| i | 33729001892509 |
| m | MAIN |
| p | 2500 |
| t | BOOK |
| l | ON-SHELF |
No items available.